| 000 | 00791cam a2200277 i 4500 | ||
|---|---|---|---|
| 001 | 16364 | ||
| 003 | DO-SdUEMH | ||
| 005 | 20260202193833.0 | ||
| 007 | ta | ||
| 008 | 211105s2006 dr a|||gr|||| 000 0 spa|d | ||
| 020 | _a9945858003 | ||
| 040 |
_aDO-SdUEMH _bspa _erda |
||
| 041 | _aspa | ||
| 082 | 1 | 4 |
_mRD _aRD370.92 _bR426p |
| 084 | _b17-00097 | ||
| 100 |
_aPérez, Jesús _eaut |
||
| 245 | 3 | 0 |
_aEl personal docente en la República Dominicana / _cJesús Pérez |
| 260 | _c2006 | ||
| 264 | 0 | 1 |
_aSanto Domingo : _bInstituto Nacional del Bienestar Magisterial (INABIMA), _c2006 |
| 300 |
_a88 paginas : _bilustraciones ; _c28 cm. |
||
| 336 |
_2rdacontent _atexto _btxt |
||
| 337 |
_2rdamedia _asin mediación _bn |
||
| 338 |
_2rdacarrier _avolumen _bnc |
||
| 942 |
_2ddc _cBK _n0 |
||
| 999 |
_c16364 _d16364 |
||